| 000 | 01116cam a2200361 i 4500 | ||
|---|---|---|---|
| 999 |
_c200447646 _d65858 |
||
| 003 | TR-AnTOB | ||
| 005 | 20231201001329.0 | ||
| 007 | ta | ||
| 008 | 031224s2003 tu 000 0 tur d | ||
| 020 |
_a975512764X _q(paperback) |
||
| 020 |
_a9789755127644 _q(paperback) |
||
| 035 | _a(OCoLC)53950578 | ||
| 040 |
_aTVG _beng _erda _cTVG _dTR-AnTOB |
||
| 041 | 0 | _atur | |
| 043 | _aa-tu--- | ||
| 050 | 1 | 4 |
_aKKX1264 _b.S67 2003 |
| 090 |
_aKKX1264 _b.S67 2003 |
||
| 245 | 0 | 0 |
_aSorularla yeni iş yasası / _cHazırlayan Murat Demircioğlu. |
| 246 | 0 | 3 | _aİş yasası |
| 264 | 1 |
_aİstanbul : _bİstanbul Ticaret Odası, _c2003. |
|
| 300 |
_a156 pages : _btables ; _c24 cm |
||
| 336 |
_atext _btxt _2rdacontent |
||
| 337 |
_aunmediated _bn _2rdamedia |
||
| 338 |
_avolume _bnc _2rdacarrier |
||
| 490 | 0 |
_aİstanbul Ticaret Odası : _vyayın no. 2003-42 |
|
| 504 | _aBIB | ||
| 650 | 7 |
_aİş hukuku ve mevzuatı _zTürkiye _2 _958185 |
|
| 700 | 1 |
_aDemircioğlu, A. Murat _eeditor _971661 |
|
| 710 | 2 |
_aİstanbul Ticaret Odası _919571 |
|
| 942 |
_2lcc _cBK |
||